All Splatoon Weapons (subs and specials included) - Statistics

General Stats
  • This quiz has been taken 312 times
    85 since last reset
  • The average score is 65 of 122
Answer Stats
Type Class Splatoon Splatoon 2 Splatoon 3 Answer % Correct
Sub Splat Bomb
94%
Main Shooter Splattershot
94%
Main Roller Dynamo Roller
80%
Main Shooter Splattershot Jr.
80%
Sub Burst Bomb
78%
Main Roller Carbon Roller
78%
Main Brush Inkbrush
78%
Main Roller Splat Roller
78%
Main Slosher Slosher
76%
Main Charger Splat Charger
76%
Main Brush Octobrush
73%
Sub Curling Bomb
71%
Main Charger E-liter
71%
Main Splatling Mini Splatling
71%
Main Dualies Splat Dualies
71%
Main Brella Tenta Brella
71%
Main Blaster Blaster
69%
Special Kraken
69%
Main Brella Splat Brella
69%
Main Shooter Splattershot Pro
69%
Sub Suction Bomb
69%
Main Slosher Tri-Slosher
69%
Main Stringer Tri-Stringer
67%
Main Brella Undercover Brella
67%
Main Splatling Heavy Splatling
65%
Main Shooter N-ZAP
65%
Main Shooter Aerospray
63%
Main Roller Flingza Roller
63%
Special Booyah Bomb
61%
Main Blaster Clash Blaster
61%
Main Blaster Luna Blaster
61%
Main Blaster Range Blaster
61%
Main Splatana Splatana Wiper
61%
Sub Autobomb
59%
Main Roller Big Swig Roller
59%
Main Splatling Hydra Splatling
59%
Main Shooter Splash-o-matic
59%
Main Charger Splatterscope
59%
Main Shooter Sploosh-o-matic
59%
Main Charger Squiffer
59%
Special Triple Inkstrike
59%
Special Triple Splashdown
59%
Special Trizooka
59%
Special Inkstrike
57%
Special Killer Wail
57%
Special ✓* Splashdown
57%
Main Splatana Splatana Stamper
57%
Main Slosher Explosher
55%
Main Charger Goo Tuber
55%
Main Grizzco Grizzco Blaster
55%
Main Grizzco Grizzco Brella
55%
Main Brush Painbrush
55%
Main Dualies Tetra Dualies
55%
Sub Fizzy Bomb
53%
Main Grizzco Grizzco Roller
53%
Main Splatling Heavy Edit Splatling
53%
Sub Ink Mine
53%
Special Ink Storm
53%
Special Inkzooka
53%
Main Shooter Jet Squelcher
53%
Main Splatling Nautilus
53%
Main Slosher Sloshing Machine
53%
Sub Toxic Mist
53%
Special Bubbler
51%
Main Dualies Dapple Dualies
51%
Main Slosher Dread Wringer
51%
Main Dualies Glooga Dualies
51%
Main Grizzco Grizzco Stringer
51%
Sub Point Sensor
51%
Main Blaster Rapid Blaster
51%
Main Shooter Splattershot Nova
51%
Main Shooter .52 Gal
49%
Main Splatling Ballpoint Splatling
49%
Main Grizzco Grizzco Dualies
49%
Main Grizzco Grizzco Splatana
49%
Sub Torpedo
49%
Main Slosher Bloblobber
47%
Main Dualies Dualie Squelchers
47%
Main Grizzco Grizzco Slosher
47%
Special Zipcaster
47%
Special Big Bubbler
45%
Special Echolocator
45%
Main Charger E-liter Scope
45%
Main Grizzco Grizzco Charger
45%
Main Shooter H-3 Nozzlenose
45%
Special Inkjet
45%
Special Kraken Royale
45%
Main Shooter Squeezer
45%
Sub Angle Shooter
43%
Special Crab Tank
43%
Main Splatana Decavitator
43%
Main Shooter Dual Squelcher
43%
Main Shooter L-3 Nozzlenose
43%
Main Blaster Rapid Blaster Pro
43%
Main Brella Recycled Brella
43%
Sub Seeker
43%
Sub Squid Beakon
43%
Special Wave Breaker
43%
Main Shooter .96 Gal
41%
Special Ink Armor
41%
Special Sting Ray
41%
Main Stringer REEF-LUX 450
39%
Sub Sprinkler
39%
Special Ultra Stamp
39%
Special Baller
37%
Special Reefslider
37%
Sub Splash Wall
37%
Special Tenta Missiles
37%
Main Charger Bamboozler 14
35%
Special Bomb Rush
35%
Special Killer Wail 5.1
35%
Main Stringer Wellstring V
35%
Main Charger Snipewriter 5H
33%
Special Splattercolor Screen
33%
Sub Disruptor
31%
Main Dualies Douser Dualies FF
29%
Special Ink Vac
29%
Main Blaster S-BLAST '92
29%
Special Tacticooler
29%
Special Bomb Launcher
27%
Special Bubble Blower
27%
Special Super Chump
27%
No matching quizzes found
Score Distribution
Percent of People with Each Score
Percentile by Number Answered
Your Score History
You have not taken this quiz since the last reset